| 000 | 00433nam a2200181Ia 4500 | ||
|---|---|---|---|
| 001 | 20845 | ||
| 005 | 20260306172835.0 | ||
| 008 | 260306t2018||||xx |||||||||||||| ||spa|| | ||
| 041 | _aESP | ||
| 082 |
_a343.8 _bG71A |
||
| 100 |
_aGonzález Bisso, Alfredo _eAUT |
||
| 245 | 0 | _aOperaciones con NO domiciliados | |
| 260 | _c2018 | ||
| 300 |
_a56 páginas : _c24 cm. |
||
| 650 | _aGEN | ||
| 654 | _aCDE | ||
| 942 |
_cLIB _dJUS _fJUS _2ddc _n |
||
| 999 |
_c20845 _d20845 |
||